MAC Football Champions of the Century - Statistics

General Stats
  • This quiz has been taken 16 times
  • The average score is 18 of 25
Answer Stats
Year Champion % Correct
2023 Miami (OH)
100%
2014 Northern Illinois
93%
2021 Northern Illinois
87%
2018 Northern Illinois
87%
2012 Northern Illinois
87%
2011 Northern Illinois
87%
2024 Ohio
87%
2015 Bowling Green
80%
2013 Bowling Green
80%
2022 Toledo
80%
2016 Western Michigan
80%
2020 Ball State
73%
2019 Miami (OH)
73%
2017 Toledo
73%
2003 Miami (OH)
67%
2005 Akron
60%
2009 Central Michigan
60%
2010 Miami (OH)
60%
2004 Toledo
60%
2007 Central Michigan
53%
2006 Central Michigan
53%
2001 Toledo
53%
2008 Buffalo
47%
2002 Marshall
47%
2000 Marshall
47%
No matching quizzes found
Score Distribution
Percent of People with Each Score
Percentile by Number Answered
Your Score History
You have not taken this quiz